000 01227nas a22003255i 4500
001 1759-4499
003 DE-He213
005 20220321111613.0
007 cr nn 008mamaa
008 150723s||||||||xxkuu poo|||||| b|EN |d
022 _a1759-4499
024 7 _a13097
_2local
210 1 0 _aAutom Exp
245 1 0 _aAutomated Experimentation
_h[electronic resource] /
_cedited by Siu-wai Leung, Dave Robertson, Dietlind L Gerloff.
264 1 _aLondon :
_bBioMed Central :
_bImprint: BioMed Central.
300 _bonline resource.
650 0 _aBioinformatics.
650 0 _aMedicine—Research.
650 0 _aBiology—Research.
650 0 _aBioinformatics.
650 1 4 _aComputational and Systems Biology.
650 2 4 _aBiomedical Research.
650 2 4 _aComputational and Systems Biology.
700 1 _aLeung, Siu-wai.
_eeditor.
_4edt
_4http://id.loc.gov/vocabulary/relators/edt
700 1 _aRobertson, Dave.
_eeditor.
_4edt
_4http://id.loc.gov/vocabulary/relators/edt
700 1 _aGerloff, Dietlind L.
_eeditor.
_4edt
_4http://id.loc.gov/vocabulary/relators/edt
710 2 _aSpringerLink (Online service)
856 4 0 _uhttps://aejournal.biomedcentral.com/
_zOpen Access
999 _c459799
_d459799